[Event "GER-chT North U16"]
[Site "Berlin"]
[Date "2012.09.07"]
[Round "4.3"]
[White "Stukenborg, Rudi"]
[Black "Voege, Tobias"]
[Result "0-1"]
[WhiteElo "1746"]
[BlackElo "1878"]
[PlyCount "120"]
[EventDate "2012.09.06"]
[EventType "team-swiss"]
[EventRounds "7"]
[EventCountry "GER"]
[SourceTitle "EXT 2015"]
[Source "ChessBase"]
[SourceDate "2014.11.20"]
[SourceVersion "1"]
[SourceVersionDate "2014.11.20"]
[SourceQuality "1"]
[WhiteTeam "Wildeshausen"]
[BlackTeam "Stade"]
[WhiteTeamCountry "GER"]
[BlackTeamCountry "GER"]

1. e4 e6 2. d4 d5 3. Nc3 Nf6 4. e5 Nfd7 5. f4 c5 6. Nf3 Nc6 7. Be3 Qb6 8. Rb1 cxd4 9. Nxd4 Bc5 10. Ncb5 a6 11. Nd6+ Bxd6 12. exd6 Qb4+ 13. c3 Qxd6 14. Qg4 0-0 15. Bd3 Nf6 16. Qg3 Re8 17. Nxc6 bxc6 18. Bd4 Qe7 19. 0-0 c5 20. Be5 Bd7 21. Rf3 Bb5 22. Bc2 Be2 23. Bxh7+ Kxh7 24. Qh4+ Kg8 25. Rg3 Nh5 26. Qxe7 Rxe7 27. Re3 Bg4 28. h3 Bf5 29. Rf1 Be4 30. g4 Nf6 31. Rg3 Ne8 32. c4 f6 33. Bc3 d4 34. Ba5 Rb8 35. b3 e5 36. fxe5 fxe5 37. Re1 Bc6 38. g5 e4 39. h4 Nd6 40. h5 Nf5 41. Rg4 e3 42. h6 g6 43. Rf4 d3 44. Rxf5 gxf5 45. g6 d2 46. Bxd2 exd2 47. h7+ Kh8 48. Rxe7 d1Q+ 49. Kf2 Qf3+ 50. Ke1 Re8 51. Rxe8+ Bxe8 52. g7+ Kxg7 53. h8B+ Kxh8 54. Kd2 f4 55. Kc2 Bg6+ 56. Kb2 a5 57. a3 Qd3 58. b4 axb4 59. axb4 cxb4 60. c5 Qb1# 0-1

[Event "GER-chT U14"]
[Site "Magdeburg"]
[Date "2010.12.27"]
[Round "1.4"]
[White "Stukenborg, Rudi"]
[Black "Siegemund, Georg"]
[Result "0-1"]
[WhiteElo "1405"]
[BlackElo "1510"]
[PlyCount "86"]
[EventDate "2010.12.27"]
[EventType "team-swiss"]
[EventRounds "7"]
[EventCountry "GER"]
[SourceTitle "CBM 140 Extra"]
[Source "ChessBase"]
[SourceDate "2011.03.01"]
[SourceVersion "1"]
[SourceVersionDate "2011.03.01"]
[SourceQuality "1"]
[WhiteTeam "Wildeshausen"]
[BlackTeam "Baumschulenweg"]
[WhiteTeamCountry "GER"]
[BlackTeamCountry "GER"]

1. e4 c5 2. Nc3 Nc6 3. g3 e6 4. Bg2 Nf6 5. Nge2 Be7 6. d3 d6 7. 0-0 a6 8. f4 h5 9. Bd2 h4 10. Be1 Ng4 11. Qd2 hxg3 12. Bxg3 Bh4 13. h3 Bxg3 14. Nxg3 Qh4 15. Qe1 Nd4 16. Rc1 Nh6 17. Nce2 Nxe2+ 18. Nxe2 Qxe1 19. Rcxe1 Bd7 20. e5 d5 21. d4 c4 22. b3 Rc8 23. Rb1 b5 24. b4 Nf5 25. Rf3 Ra8 26. Ra3 Ke7 27. Rf1 a5 28. Rxa5 Rxa5 29. bxa5 Ra8 30. c3 Rxa5 31. Nc1 Ra3 32. Rf3 Nh4 33. Rg3 b4 34. Bf1 Nf5 35. Rg2 Rxc3 36. Ne2 Rc2 37. Kf2 Rxa2 38. Ke1 g6 39. Kd1 Ne3+ 40. Ke1 Nxg2+ 41. Bxg2 b3 42. Bf1 Rxe2+ 43. Bxe2 b2 0-1

[Event "GER-chT U12"]
[Site "Arendsee"]
[Date "2009.12.29"]
[Round "5.4"]
[White "Stukenborg, Rudi"]
[Black "Hilger, Sebastian"]
[Result "1/2-1/2"]
[WhiteElo "1308"]
[BlackElo "1022"]
[PlyCount "152"]
[EventDate "2009.12.27"]
[EventType "team-swiss"]
[EventRounds "7"]
[EventCountry "GER"]
[SourceTitle "EXT 2022"]
[Source "ChessBase"]
[SourceDate "2021.10.06"]
[SourceVersion "1"]
[SourceVersionDate "2021.10.06"]
[SourceQuality "1"]
[WhiteTeam "Wildeshausen U12"]
[BlackTeam "Vaterstetten SC U12"]
[WhiteTeamCountry "GER"]
[BlackTeamCountry "GER"]

1. e4 e5 2. Nf3 Nc6 3. Bb5 Bc5 4. Nxe5 Nxe5 5. d4 Bd6 6. dxe5 Bxe5 7. Nc3 Nf6 8. 0-0 0-0 9. Bg5 c6 10. Bc4 Qb6 11. Rb1 Qc7 12. h3 d6 13. Ne2 Nxe4 14. Be3 Bf5 15. Nd4 Bg6 16. Nf3 b5 17. Nxe5 dxe5 18. Bb3 a5 19. a4 bxa4 20. Bxa4 Rfd8 21. Qe2 c5 22. Rfd1 c4 23. c3 Nc5 24. Bc2 Rxd1+ 25. Rxd1 Bxc2 26. Qxc2 Nd3 27. b3 e4 28. Bd4 f6 29. Qa2 cxb3 30. Qxb3+ Kh8 31. Qd5 Re8 32. Qb5 Rb8 33. Qd5 Qb7 34. Qxa5 h6 35. Qf5 Qb5 36. Qxe4 Nc5 37. Bxc5 Qxc5 38. Qd4 Qxd4 39. Rxd4 Rb1+ 40. Kh2 Rc1 41. Rd8+ Kh7 42. Rc8 Kg6 43. Kg3 h5 44. f3 Kf5 45. Rc5+ Ke6 46. Kf4 Rc2 47. Rxh5 Rxc3 48. Ra5 Kf7 49. Kg4 Rc2 50. g3 Rc4+ 51. f4 g6 52. Ra7+ Kf8 53. h4 Rc5 54. Ra8+ Kf7 55. Ra7+ Kf8 56. Rb7 Rd5 57. Ra7 Rc5 58. Ra6 Kf7 59. Ra7+ Kf8 60. Ra8+ Kf7 61. Rb8 Rd5 62. Rb7+ Kf8 63. Rh7 Kg8 64. Ra7 Rc5 65. Ra8+ Kg7 66. Re8 Rd5 67. Re7+ Kg8 68. Re8+ Kg7 69. Ra8 Rc5 70. Ra7+ Kg8 71. Ra6 Kg7 72. Ra7+ Kg8 73. Ra8+ Kg7 74. Ra7+ Kg8 75. Ra8+ Kg7 76. Ra7+ Kg8 1/2-1/2

[Event "GER-chT U12"]
[Site "Arendsee"]
[Date "2009.12.27"]
[Round "2.4"]
[White "Baberz, Alexander"]
[Black "Stukenborg, Rudi"]
[Result "1-0"]
[WhiteElo "1404"]
[BlackElo "1308"]
[PlyCount "87"]
[EventDate "2009.12.27"]
[EventType "team-swiss"]
[EventRounds "7"]
[EventCountry "GER"]
[SourceTitle "EXT 2022"]
[Source "ChessBase"]
[SourceDate "2021.10.06"]
[SourceVersion "1"]
[SourceVersionDate "2021.10.06"]
[SourceQuality "1"]
[WhiteTeam "Hamburger SK U12"]
[BlackTeam "Wildeshausen U12"]
[WhiteTeamCountry "GER"]
[BlackTeamCountry "GER"]

1. d4 Nf6 2. c4 e6 3. Nc3 Bb4 4. e3 b6 5. Be2 Bb7 6. Bf3 Bxf3 7. Nxf3 Nc6 8. 0-0 Bxc3 9. bxc3 0-0 10. Ba3 Re8 11. Re1 Ne4 12. Qc2 d5 13. Nd2 Nxd2 14. Qxd2 e5 15. cxd5 Qxd5 16. e4 Qd7 17. d5 Na5 18. Qd3 c6 19. Rad1 Rad8 20. Re3 c5 21. Rg3 Nb7 22. Bc1 Kh8 23. Qf3 Qe7 24. Qh5 Rd6 25. Rh3 h6 26. Rdd3 Qf6 27. Rdf3 Qg6 28. Rxf7 Qxe4 29. Re3 Qxd5 30. Re1 Kg8 31. Rxb7 g6 32. Qf3 e4 33. Qg3 Red8 34. Re7 Qd1 35. R7xe4 Qxc1 36. Rxc1 Rd1+ 37. Re1 Rxc1 38. Rxc1 g5 39. Re1 Rd2 40. h3 Kf7 41. Qc7+ Kf6 42. Qe7+ Kf5 43. Re5+ Kf4 44. Qf6# 1-0

[Event "GER-ch U10"]
[Site "Willingen"]
[Date "2009.06.06"]
[Round "11"]
[White "Stukenborg, Rudi"]
[Black "Kaplun, David"]
[Result "0-1"]
[WhiteElo "1035"]
[BlackElo "1312"]
[PlyCount "88"]
[EventDate "2009.05.30"]
[EventType "swiss"]
[EventRounds "11"]
[EventCountry "GER"]
[SourceTitle "EXT 2010"]
[Source "ChessBase"]
[SourceDate "2010.11.25"]
[SourceVersion "1"]
[SourceVersionDate "2010.11.25"]
[SourceQuality "1"]

1. e4 c5 2. Nf3 e6 3. d4 cxd4 4. Nxd4 a6 5. Nc3 Qc7 6. g3 b5 7. Bg2 Bb7 8. 0-0 Nf6 9. Re1 d6 10. Be3 Be7 11. a3 Nbd7 12. Bg5 h6 13. Bxf6 Bxf6 14. Nde2 Rc8 15. Kh1 Ne5 16. f4 Ng4 17. Qd2 Qc5 18. Rf1 0-0 19. Nc1 Bxc3 20. Qxc3 Qxc3 21. bxc3 Rxc3 22. Ra2 Ne3 23. Ne2 Rxc2 24. Rxc2 Nxc2 25. Rf3 Ne1 26. Re3 Nxg2 27. Kxg2 Rc8 28. Kf3 f5 29. Nc3 Kf7 30. g4 fxe4+ 31. Nxe4 Ke7 32. Kg3 Bxe4 33. Rxe4 Rc3+ 34. Kh4 Rxa3 35. g5 Ra4 36. Rxa4 bxa4 37. gxh6 gxh6 38. Kh5 a3 39. Kxh6 a2 40. Kg6 a1Q 41. h4 Qf6+ 42. Kh5 Qg7 43. f5 Kf6 44. fxe6 Qg6# 0-1

[Event "GER-ch U10"]
[Site "Willingen"]
[Date "2009.06.05"]
[Round "9"]
[White "Stukenborg, Rudi"]
[Black "Schulte, Felix"]
[Result "1-0"]
[WhiteElo "1035"]
[BlackElo "1179"]
[PlyCount "113"]
[EventDate "2009.05.30"]
[EventType "swiss"]
[EventRounds "11"]
[EventCountry "GER"]
[SourceTitle "EXT 2010"]
[Source "ChessBase"]
[SourceDate "2010.11.25"]
[SourceVersion "1"]
[SourceVersionDate "2010.11.25"]
[SourceQuality "1"]

1. d4 f5 2. g3 Nf6 3. Bg2 g6 4. c3 Bg7 5. Nd2 0-0 6. Qb3+ Kh8 7. Bxb7 Bxb7 8. Qxb7 Nc6 9. Ndf3 Rb8 10. Qa6 Ne4 11. Qd3 e5 12. Nxe5 Nxe5 13. dxe5 Bxe5 14. Nf3 Bg7 15. 0-0 Re8 16. h4 d5 17. Ng5 Nxg5 18. Bxg5 Qd7 19. Rab1 c5 20. c4 Rxb2 21. Rxb2 Bxb2 22. cxd5 Bg7 23. e3 h6 24. Bf4 Kh7 25. d6 Bf6 26. g4 fxg4 27. Bg3 Kg7 28. Re1 Be5 29. Rd1 Bxg3 30. fxg3 Rf8 31. Qc3+ Kg8 32. Qxc5 Qf7 33. Qd5 Qxd5 34. Rxd5 Rd8 35. e4 Kf7 36. Ra5 Rxd6 37. Rxa7+ Kf6 38. Kf2 Rd2+ 39. Ke3 Rg2 40. Kf4 h5 41. e5+ Ke6 42. Ra6+ Kd5 43. a3 Rf2+ 44. Kg5 Kxe5 45. Kxg6 Rf3 46. Ra5+ Ke4 47. Rxh5 Rxg3 48. Rg5 Kf4 49. h5 Rh3 50. h6 g3 51. h7 Kf3 52. Kg7 g2 53. h8Q Rxh8 54. Kxh8 Kf2 55. a4 g1Q 56. Rxg1 Kxg1 57. a5 1-0

[Event "GER-ch U10"]
[Site "Willingen"]
[Date "2009.06.04"]
[Round "8"]
[White "Kempe, Anne"]
[Black "Stukenborg, Rudi"]
[Result "0-1"]
[WhiteElo "1168"]
[BlackElo "1035"]
[PlyCount "104"]
[EventDate "2009.05.30"]
[EventType "swiss"]
[EventRounds "11"]
[EventCountry "GER"]
[SourceTitle "EXT 2010"]
[Source "ChessBase"]
[SourceDate "2010.11.25"]
[SourceVersion "1"]
[SourceVersionDate "2010.11.25"]
[SourceQuality "1"]

1. e4 c5 2. Nf3 Nc6 3. d4 cxd4 4. Nxd4 g6 5. Nc3 Bg7 6. Be3 Nf6 7. Bc4 0-0 8. 0-0 Nxe4 9. Nxe4 d5 10. Nxc6 bxc6 11. Bd3 dxe4 12. Bxe4 Qxd1 13. Raxd1 Ba6 14. Bd3 Bxd3 15. Rxd3 Bxb2 16. Bc5 Bf6 17. Re1 Rfe8 18. Rd7 e6 19. Bxa7 Red8 20. Red1 Rxd7 21. Rxd7 Kg7 22. a4 Bc3 23. Rc7 Be5 24. Rd7 Kf6 25. Bd4 Rxa4 26. Bxe5+ Kxe5 27. h3 Kf6 28. Kf1 Rc4 29. Rd2 h5 30. Ke2 Ke5 31. Kf3 f5 32. Re2+ Re4 33. Rxe4+ fxe4+ 34. Ke3 g5 35. c3 c5 36. c4 g4 37. h4 Kf5 38. g3 Ke5 39. Ke2 Kd4 40. Kd2 Kxc4 41. Kc2 Kd4 42. Kd2 c4 43. Ke2 Kc3 44. Ke3 Kb2 45. Kf4 c3 46. Kg5 c2 47. Kxh5 c1Q 48. Kxg4 Qd1+ 49. Kh3 Qh1+ 50. Kg4 Qf3+ 51. Kh3 Qxf2 52. Kg4 Qf5# 0-1

[Event "Niedersachsen-ch U10"]
[Site "Rotenburg"]
[Date "2009.04.06"]
[Round "4"]
[White "Pysmenyy, Illya"]
[Black "Stukenborg, Rudi"]
[Result "1/2-1/2"]
[WhiteElo "938"]
[BlackElo "1161"]
[PlyCount "85"]
[EventDate "2009.04.04"]
[EventType "swiss"]
[EventRounds "11"]
[EventCountry "GER"]
[SourceTitle "EXT 2010"]
[Source "ChessBase"]
[SourceDate "2010.11.25"]
[SourceVersion "1"]
[SourceVersionDate "2010.11.25"]
[SourceQuality "1"]

1. e4 c5 2. Nf3 e6 3. Nc3 a6 4. d3 Nc6 5. Be3 Bd6 6. d4 cxd4 7. Nxd4 Qc7 8. a3 Nf6 9. Ndb5 axb5 10. Nxb5 Qb8 11. Nxd6+ Kf8 12. Bc5 Kg8 13. Qd3 b6 14. Be3 Ba6 15. Qd2 Bxf1 16. Rxf1 b5 17. Bg5 b4 18. Bxf6 gxf6 19. Nxf7 Kxf7 20. Qxd7+ Ne7 21. f3 bxa3 22. bxa3 Rxa3 23. Rxa3 Qb4+ 24. Kf2 Qxa3 25. Qd3 Qxd3 26. cxd3 Rd8 27. Ke3 f5 28. h3 Ng6 29. g4 f4+ 30. Kd2 e5 31. Rc1 Kf6 32. Rc7 h6 33. Rh7 Kg5 34. Ke2 Rd4 35. Kd2 Ra4 36. Kc3 Ra2 37. d4 exd4+ 38. Kxd4 Rf2 39. e5 Rxf3 40. e6 Rxh3 41. Kd5 f3 42. Rf7 Kxg4 43. Rf6 1/2-1/2

[Event "Niedersachsen-chT U12"]
[Site "Verden an der Aller"]
[Date "2008.05.01"]
[Round "2.3"]
[White "Stukenborg, Rudi"]
[Black "Lienau, Marei"]
[Result "1-0"]
[WhiteElo "825"]
[BlackElo "807"]
[PlyCount "67"]
[EventDate "2008.05.01"]
[EventType "team"]
[EventRounds "7"]
[EventCountry "GER"]
[SourceTitle "EXT 2009"]
[Source "ChessBase"]
[SourceDate "2008.11.26"]
[SourceVersion "1"]
[SourceVersionDate "2008.11.26"]
[SourceQuality "1"]

1. e4 c5 2. Nf3 Nc6 3. c3 g6 4. d4 cxd4 5. cxd4 Bg7 6. Nc3 d6 7. h3 Nf6 8. Bb5 0-0 9. 0-0 Bd7 10. Bf4 a6 11. Ba4 b5 12. Bb3 b4 13. Nd5 Nxe4 14. Re1 Nf6 15. Nxf6+ Bxf6 16. Bh6 Re8 17. Qd3 Qb6 18. Rad1 Bf5 19. Qc4 Be6 20. Qd3 Bxb3 21. axb3 a5 22. Bg5 Bg7 23. Rd2 a4 24. bxa4 Rxa4 25. b3 Raa8 26. Red1 Bf6 27. Be3 Qa5 28. Rc2 Qa6 29. Qxa6 Rxa6 30. Bg5 Bg7 31. d5 Ne5 32. Nxe5 Bxe5 33. Re1 Ra7 34. Rec1 1-0